Responses for show #673 - Wednesday, July 8, 1987

Eric Berman game 5.

Contestants

David Peterman, an area manager from Laguna Nigel, California

Mike Berkowitz, a computer programmer from Van Nuys, California

Eric Berman, a journalist from Crown Point, Indiana (whose 4-day cash winnings total $37,101)

Jeopardy! Round responses

NOTORIOUS
REMAKES
STARTS WITH "F"
CLOTHING
CAMELS
POT LUCK
    $100 16
(Alex: Yes. [*] was used until 1971, but not publicly.)

the guillotine

Mike
    $100 1
(Mike: What is The Treasure of the Sierra Madre?)

The Maltese Falcon

EricMike
    $100 6
fever

Mike
    $100 13
kid gloves

Mike
    $100 8
its hump

David
    $100 14
cars

David
    $200 17
police

Eric
    $200 2
Clark Gable

Eric
    $200 7
(David: What is forty?)
(Mike: What is fifty?)
...
(Alex: She gave her mother forty. Added one for Dad.)

forty-one

MikeDavid
Triple Stumper
    $200 15
a tabard

Eric
    $200 9
dromedary

David
    $200 24
[Before the start of the Double Jeopardy! Round, Alex offers this apology: "...it was not my intention a few moments ago to put down either hobos or truck drivers when I indicated that both can be called 'knights of the road'. No offense intended, believe me."]

tramps (or hobos or truck drivers)

Eric
    $500 18
(Eric: What is "The Day They Drove Dixie Down"?)
(Alex: No. Sorry. The other players knew it. What is [*]?)
(Eric: Yes!)
(Alex: But I didn't shoot the deputy!)

"I Shot The Sheriff"

Eric
    $300 3
Invasion of the Body Snatchers

Eric
    $300 21
a foyer

Mike
    $300 10
(2 of) the llama, the guanaco, the alpaca & the vicuña

Mike
    $300 25
Nathan

Mike
    $400 19
(Lynette) "Squeaky" Fromme

Eric
    $400 4
[Alex specifies the full names Jimmy Stewart, Doris Day, Leslie Banks, and Edna Best.]

The Man Who Knew Too Much

Eric
    $400 22
falconry

Mike
    $400 11
(Gamal Abdel) Nasser

David
    $400 26
[The end-of-round signal sounds.]

the United States

Triple Stumper
    $500 20
(David: Who were the James gang?)
...
(Alex: The James gang didn't have 15 children. We're talking about [*]. We've got a minute to go, Eric. You select.)

the Daltons

David
Triple Stumper
    $500 5
Goodbye, Mr. Chips

Eric
    $500 23
your fingernails

Mike
    $500 12
Turkey

David

Scores at the first commercial break (after clue 12):

Eric Mike David
$1,500 $100 $1,000

Scores at the end of the Jeopardy! Round:

Eric Mike David
$2,000 $1,800 $600

Double Jeopardy! Round responses

WORLD CAPITALS
AUTOMOBILES
DECEMBER 7TH
MYTHOLOGY
MUSICAL INSTRUMENTS
NAME CHANGES
    $200 3
(David: What is Austria?)
...
(Alex: You had the country right, but you didn't read the clue properly, David. Sorry.)

Vienna

EricDavid
    $200 15
Hyundai

David
    $200 14
Cupid

Mike
    $200 1
the bugle

Eric
    $200 4
Bea Arthur

Eric
    $400 6
(Alex: [***], the capital of what used to be called Upper Volta.)

Ottawa (or Oslo or Ouagadougou)

David
    $400 16
Los Angeles

Mike
    $400 22
(David: Who is Athena?)
(Mike: Who is Juno?)

Hera

EricMikeDavid
    $400 2
the (golden) harp

Mike
    $400 5
(David: Who is Ralph [*]?)

Lauren

David
    $600 7
La Paz (or Sucre)

David
    $600 17
Buick

Mike
    $600 23
a centaur

Mike
    $800 19
(David: What is... a violin... a cello... a viola... and a bass?)
(Alex: Sorry, there's no bass in there.)

2 violins, 1 viola & 1 cello

David
    $600 11
Jimmy the Greek

David
    $800 8
Bangkok (Thailand)

David
    $800 18
the Pacer

David
    $800 24
the satyrs

David
    $800 20
(Mike: What is the guitar?)

the banjo

Mike
Triple Stumper
    $800 12
Gene Barry

Eric
    $1,000 9
(David: They are the last letters of the alphabet of the three countries. The last letters of the alphabet, "Z". Zam--Zimbabwe--
(Alex: Sorry.)
(David: --Zaire, and Zambia.)
(Alex: You're giving me all of the pertinent information, but unfortunately, as you know, on Daily Doubles, if you don't phrase it properly--)
(David: What--)
(Alex: --or in form of a question, I cannot accept it. So that costs you $1000. You were right, of course. The--what are [*]?)

countries that begin with the letter Z

David
    $1000 10
(Powel) Crosley (Jr.)

Eric
    $1000 25
[The end-of-round signal sounds.]

Styx

David
    $1000 21
(Eric: What are the winds?)
...
(Alex: We've got less than a minute to go, and it's a close game.)

percussion instruments

Eric
Triple Stumper
    $1000 13
Lady Emma Hamilton

Triple Stumper

Scores at the end of the Double Jeopardy! Round:

Eric Mike David
$3,800 $2,800 $3,800

[wagering suggestions for these scores]

Final Jeopardy! Round responses

PERFORMING ARTS
[David's and Eric's responses are illegible. They each read them aloud.]
[Audible "Awws" when Eric's wager is revealed]
MikeWho is Bob Hope
$2,799
DavidWho is Sir Laurence Olivier
$3,700
EricWho is Alan Jay Lerner?
$3,800
(1 of) Lucille Ball, Ray Charles, Yehudi Menuhin, Hume Cronyn, Jessica Tandy & Antony Tudor

Final scores:

Eric Mike David
$0 $1 $100
3rd place: his & hers Daniel Mink Cobra Collection watches 2nd place: a trip to Florida on Eastern Airlines + a total fitness plan at Safety Harbor Spa & Fitness Center near Tampa New champion: $100

Game dynamics:

Coryat scores:

Eric Mike David
$4,300 $2,800 $5,600
15 R,
2 W
(including 1 DD)
13 R,
4 W
14 R,
6 W
(including 2 DDs)

Combined Coryat: $12,700

The J! Archive is created by fans, for fans. The Jeopardy! game show and all elements thereof, including but not limited to copyright and trademark thereto, are the property of Jeopardy Productions, Inc. and are protected under law. This website is not affiliated with, sponsored by, or operated by Jeopardy Productions, Inc. Join the discussion at JBoard.tv.